| 000 | 00573nam a2200193Ia 4500 | ||
|---|---|---|---|
| 003 | OSt | ||
| 005 | 20200821142908.0 | ||
| 008 | 190216s9999||||xx |||||||||||||| ||und|| | ||
| 020 | _a9788122438130 | ||
| 040 | _coclc | ||
| 082 |
_a668.9 _bGOW/P |
||
| 100 |
_aGowariker, V R _94280 |
||
| 245 | 0 |
_aPolymer Science / _cV R Gowariker ; M V Viswanathan ; Jayadev Sreedhar |
|
| 250 | _a2nd Ed. | ||
| 260 |
_bNew Age International Publishers, _c2015. _aNew Delhi: |
||
| 300 | _a395p | ||
| 650 | _aChemistry | ||
| 942 |
_cBK _2ddc _h668.9 _iGOW/P _k668.9 _mGOW/P |
||
| 999 |
_c3632 _d3632 |
||